Science, technology and society: new directions (Record no. 80360)

MARC details
000 -LEADER
fixed length control field 01610nam a2200253 a 4500
008 - FIXED-LENGTH DATA ELEMENTS--GENERAL INFORMATION
fixed length control field 120416s1991 ||||||||||||||||| || u
020 ## - INTERNATIONAL STANDARD BOOK NUMBER
International Standard Book Number 0333510658
050 ## - LIBRARY OF CONGRESS CALL NUMBER
Classification number Q 175.5 Web
100 ## - MAIN ENTRY--PERSONAL NAME
Personal name Webster, Andrew
245 10 - TITLE STATEMENT
Title Science, technology and society: new directions
260 ## - PUBLICATION, DISTRIBUTION, ETC.
Place of publication, distribution, etc. London:
Name of publisher, distributor, etc. Macmillan
Date of publication, distribution, etc. 1991
300 ## - PHYSICAL DESCRIPTION
Extent viii, 181p. : ill.
350 ## -
-- 0.00
650 #0 - SUBJECT ADDED ENTRY--TOPICAL TERM
Topical term or geographic name entry element SCIENCE--PHILOSOPHY
650 ## - SUBJECT ADDED ENTRY--TOPICAL TERM
Topical term or geographic name entry element TECHNOLOGY--SOCIAL ASPECTS
650 ## - SUBJECT ADDED ENTRY--TOPICAL TERM
Topical term or geographic name entry element SCIENCE--SOCIAL ASPECTS
995 ## -
-- ANNEX COLLECTION (Main Library)
-- 0.00
-- 734289
-- CBU-MAIN LIBRARY (Kitwe)
-- 6
-- 17.50
-- Q 175.5 Web
-- 6
-- AVAILABLE
-- 46548
-- Annex Low-Usage Collection
995 ## -
-- MAIN LIBRARY OPEN ACCESS
-- 744029
-- CBU-MAIN LIBRARY (Kitwe)
-- 0.00
-- Q 175.5 Web
-- 7
-- AVAILABLE
-- Jun 26, 2013
-- 744029
-- Main Library Open Access Collection
995 ## -
-- ANNEX COLLECTION (Main Library)
-- 0.00
-- 734288
-- CBU-MAIN LIBRARY (Kitwe)
-- 1
-- 17.50
-- Q 175.5 Web
-- 1
-- AVAILABLE
-- 46415
-- Annex Low-Usage Collection
995 ## -
-- MAIN LIBRARY OPEN ACCESS
-- 0.00
-- 734287
-- CBU-MAIN LIBRARY (Kitwe)
-- 2
-- 17.50
-- Q 175.5 Web
-- 2
-- AVAILABLE
-- 46617
-- Main Library Open Access Collection
995 ## -
-- ANNEX COLLECTION (Main Library)
-- 0.00
-- 734286
-- CBU-MAIN LIBRARY (Kitwe)
-- 4
-- 17.50
-- Q 175.5 Web
-- 4
-- AVAILABLE
-- 46463
-- Annex Low-Usage Collection
995 ## -
-- ANNEX COLLECTION (Main Library)
-- 0.00
-- 734285
-- CBU-MAIN LIBRARY (Kitwe)
-- 3
-- 17.50
-- Q 175.5 Web
-- 3
-- AVAILABLE
-- 46464
-- Annex Low-Usage Collection
995 ## -
-- ANNEX COLLECTION (Main Library)
-- 0.00
-- 734284
-- CBU-MAIN LIBRARY (Kitwe)
-- 5
-- 17.50
-- Q 175.5 Web
-- 5
-- AVAILABLE
-- 46547
-- Annex Low-Usage Collection
999 ## -
-- 80360
-- 80360
Holdings
Withdrawn status Lost status Source of classification or shelving scheme Damaged status Not for loan Permanent Location Current Location Shelving location Date acquired Total Checkouts Full call number Barcode Date last seen Copy number Price effective from Koha item type
          CBU-MAIN LIBRARY, KITWE. CBU-MAIN LIBRARY, KITWE.   06/29/2023   Q 175.5 Web 46548 06/29/2023 1 06/29/2023 MONOGRAPH
          CBU-MAIN LIBRARY, KITWE. CBU-MAIN LIBRARY, KITWE.   06/29/2023   Q 175.5 Web 744029 06/29/2023 2 06/29/2023 MONOGRAPH
          CBU-MAIN LIBRARY, KITWE. CBU-MAIN LIBRARY, KITWE.   06/29/2023   Q 175.5 Web 46415 06/29/2023 3 06/29/2023 MONOGRAPH
          CBU-MAIN LIBRARY, KITWE. CBU-MAIN LIBRARY, KITWE.   06/29/2023   Q 175.5 Web 46617 06/29/2023 4 06/29/2023 MONOGRAPH
Withdrawn         CBU-MAIN LIBRARY, KITWE. CBU-MAIN LIBRARY, KITWE.   06/29/2023   Q 175.5 Web 46463 06/29/2023 5 06/29/2023 MONOGRAPH
Withdrawn         CBU-MAIN LIBRARY, KITWE. CBU-MAIN LIBRARY, KITWE.   06/29/2023   Q 175.5 Web 46464 06/29/2023 6 06/29/2023 MONOGRAPH
Withdrawn         CBU-MAIN LIBRARY, KITWE. CBU-MAIN LIBRARY, KITWE.   06/29/2023   Q 175.5 Web 46547 06/29/2023 7 06/29/2023 MONOGRAPH